History Quiz

Random History or Biography Quiz

Tinker, Tailor, Soldier, or Spy? Quiz Stats

 Plays Quiz Updated May 30, 2019

Score 0/22 Timer 05:00
1,126 Plays Today
Question Answer Wrong Answers
Thomas Edison
(USA; 1847-1931)
Tinker
92%
Tailor
1.1%
Soldier
1.2%
Spy
0.8%
Charles Goodyear
(USA; 1800-1860)
Tinker
86.7%
Tailor
3%
Soldier
3%
Spy
1.7%
Vera Wang
(USA; 1949- )
Tailor
84.7%
Tinker
3.6%
Soldier
1.1%
Spy
5.1%
William Tecumseh Sherman
(USA; 1820-1891)
Soldier
82.7%
Tinker
5.7%
Tailor
2.6%
Spy
3.1%
Mata Hari
(Netherlands; 1876-1917)
Spy
78.7%
Tinker
4.8%
Tailor
4.4%
Soldier
6.4%
Ethel Rosenberg
(USA; 1915-1953)
Spy
77.7%
Tinker
6.2%
Tailor
7.1%
Soldier
2.9%
Hubert de Givenchy
(France; 1927-2018)
Tailor
75.1%
Tinker
7.3%
Soldier
5.5%
Spy
6%
Guglielmo Marconi
(Italy; 1874-1937)
Tinker
73.5%
Tailor
9.1%
Soldier
6.8%
Spy
4.7%
John J. Pershing
(USA; 1860-1948)
Soldier
73.5%
Tinker
9.7%
Tailor
4%
Spy
6.6%
Jean-Paul Gaultier
(France; 1952- )
Tailor
71.8%
Tinker
8.3%
Soldier
7%
Spy
6.7%
Oscar de la Renta
(Dominican Republic; 1932-2014)
Tailor
70.6%
Tinker
5.6%
Soldier
11.2%
Spy
6.8%
George Eastman
(USA; 1854-1932)
Tinker
69.4%
Tailor
5.5%
Soldier
11.3%
Spy
7.6%
Manfred von Richthofen
(Germany; 1892-1918)
Soldier
69.3%
Tinker
6.4%
Tailor
3.9%
Spy
14.3%
Karl Lagerfeld
(Germany; 1933-2019)
Tailor
68%
Tinker
8.8%
Soldier
7.9%
Spy
9.3%
Bernard Montgomery
(UK; 1887-1976)
Soldier
65.2%
Tinker
10.1%
Tailor
6.8%
Spy
11.6%
Arkady Shevchenko
(Ukraine; 1930-1998)
Spy
59.4%
Tinker
10%
Tailor
5.6%
Soldier
18.4%
Kim Philby
(UK; 1912-1988)
Spy
57.5%
Tinker
12%
Tailor
15.5%
Soldier
8.4%
Tim Berners-Lee
(UK; 1955- )
Tinker
56.1%
Tailor
11%
Soldier
9.6%
Spy
17%
Audie Murphy
(USA; 1925-1971)
Soldier
54.9%
Tinker
11.8%
Tailor
10%
Spy
16.7%
Aldrich Ames
(USA; 1941- )
Spy
52.3%
Tinker
15.3%
Tailor
10.5%
Soldier
15.1%
Robert Hanssen
(USA; 1944- )
Spy
49%
Tinker
15.7%
Tailor
11.1%
Soldier
17.6%
Giuseppe Garibaldi
(Italy; 1807-1882)
Soldier
46.9%
Tinker
20.9%
Tailor
18.3%
Spy
8%

You're not logged in!

Compare scores with friends on all Sporcle quizzes.
OR
Log In

Sporcle TV

Today on Sporcle TV


Watch our educational content, quiz creation guides, and fun videos on Sporcle TV.

Show Comments

Extras

Top Quizzes Today


Score Distribution

Your Account Isn't Verified!

In order to create a playlist on Sporcle, you need to verify the email address you used during registration. Go to your Sporcle Settings to finish the process.

Report this User

Report this user for behavior that violates our Community Guidelines.

Details: